[Event "Cortina d'Ampezzo op 1st"]
[Site "Cortina d'Ampezzo"]
[Date "2012.09.22"]
[Round "6"]
[White "Enigl, Karl"]
[Black "Naumkin, Igor"]
[Result "0-1"]
[WhiteElo "2095"]
[BlackElo "2473"]
[PlyCount "54"]
[EventDate "2012.09.18"]
[EventType "swiss"]
[EventRounds "7"]
[EventCountry "ITA"]
[SourceTitle "CBM 150 Extra"]
[Source "ChessBase"]
[SourceDate "2012.10.19"]
[SourceVersion "1"]
[SourceVersionDate "2012.10.19"]
[SourceQuality "1"]

1. c4 Nf6 2. Nc3 e5 3. Nf3 Nc6 4. a3 d5 5. d4 exd4 6. Nxd4 Be7 7. cxd5 Nxd5 8. e4 Nxc3 9. bxc3 Bf6 10. Be3 0-0 11. Be2 Qe7 12. Qc2 Bd7 13. 0-0 Rfe8 14. Nxc6 Bxc6 15. f3 Rad8 16. a4 a5 17. Kh1 h5 18. Bb5 Bxb5 19. axb5 b6 20. Rad1 Qe5 21. c4 Qb2 22. Qxb2 Bxb2 23. Rd5 Rxd5 24. cxd5 a4 25. Bc1 a3 26. g3 Ra8 27. Kg2 Bd4 0-1

[Event "Landesliga Sued 1112"]
[Site "Bayern"]
[Date "2011.11.20"]
[Round "3.6"]
[White "Albeker, Mark"]
[Black "Enigl, Karl"]
[Result "0-1"]
[WhiteElo "2103"]
[BlackElo "2021"]
[PlyCount "52"]
[EventDate "2011.10.02"]
[EventType "team-tourn"]
[EventRounds "9"]
[EventCountry "GER"]
[SourceTitle "EXT 2013"]
[Source "ChessBase"]
[SourceDate "2012.11.22"]
[SourceVersion "1"]
[SourceVersionDate "2012.11.22"]
[SourceQuality "1"]
[WhiteTeam "Haunstetten"]
[BlackTeam "Weilheim"]
[WhiteTeamCountry "GER"]
[BlackTeamCountry "GER"]

1. d4 Nf6 2. c4 d6 3. Nc3 Bf5 4. f3 e5 5. d5 e4 6. Bg5 Be7 7. Qb3 Nbd7 8. Be3 exf3 9. gxf3 0-0 10. Bf2 Ne5 11. e4 Bd7 12. 0-0-0 c6 13. Bg3 Qa5 14. f4 Neg4 15. e5 dxe5 16. fxe5 Nh5 17. Bd3 g6 18. e6 fxe6 19. Be1 Qb6 20. Qa4 Nf2 21. Bxf2 Rxf2 22. Nge2 Nf4 23. d6 Nxe2+ 24. Bxe2 Bf6 25. Qc2 Bxc3 26. bxc3 Qe3+ 0-1

[Event "Landesliga Sued 1112"]
[Site "Bayern"]
[Date "2011.10.23"]
[Round "2.6"]
[White "Enigl, Karl"]
[Black "Kuempers, Ulrich"]
[Result "0-1"]
[WhiteElo "2021"]
[BlackElo "1985"]
[PlyCount "108"]
[EventDate "2011.10.02"]
[EventType "team-tourn"]
[EventRounds "9"]
[EventCountry "GER"]
[SourceTitle "EXT 2013"]
[Source "ChessBase"]
[SourceDate "2012.11.22"]
[SourceVersion "1"]
[SourceVersionDate "2012.11.22"]
[SourceQuality "1"]
[WhiteTeam "Weilheim"]
[BlackTeam "Muenchen Tarrasch II"]
[WhiteTeamCountry "GER"]
[BlackTeamCountry "GER"]

1. c4 Nf6 2. Nc3 d6 3. Nf3 Bg4 4. d4 e5 5. dxe5 Bxf3 6. gxf3 dxe5 7. Qxd8+ Kxd8 8. b3 c6 9. Bb2 Kc7 10. Rg1 Nfd7 11. Bh3 a5 12. 0-0-0 f6 13. e3 g6 14. f4 exf4 15. Ne4 fxe3 16. fxe3 Bh6 17. Kc2 Rf8 18. Rg3 f5 19. Ng5 Bxg5 20. Rxg5 Re8 21. Rg3 Na6 22. Bg2 Ndc5 23. a3 Ne4 24. Rh3 h5 25. Bxe4 Rxe4 26. Rg1 Rg4 27. Rhg3 Re8 28. h3 Rxg3 29. Rxg3 Re6 30. Bc3 b6 31. b4 axb4 32. axb4 b5 33. cxb5 cxb5 34. Kd3 Kc6 35. Rg1 Nc7 36. Bd4 Nd5 37. Bc5 Nc7 38. Bd4 Kd5 39. Rg2 Ne8 40. Bc5 Nd6 41. Bd4 Ne4 42. h4 Ra6 43. Rc2 f4 44. Ke2 Ra3 45. Bc5 Ke5 46. exf4+ Kxf4 47. Be7 Rh3 48. Rc7 Rh2+ 49. Kd1 Ke3 50. Kc1 Kd3 51. Rd7+ Kc3 52. Rc7+ Kb3 53. Kd1 Nc3+ 54. Ke1 Nd5 0-1

[Event "Landesliga Sued 1011"]
[Site "Bayern"]
[Date "2011.03.20"]
[Round "8.7"]
[White "Enigl, Karl"]
[Black "Hahn, Christoph"]
[Result "0-1"]
[WhiteElo "2022"]
[BlackElo "2108"]
[PlyCount "130"]
[EventDate "2010.10.10"]
[EventType "team-tourn"]
[EventRounds "9"]
[EventCountry "GER"]
[SourceTitle "EXT 2012"]
[Source "ChessBase"]
[SourceDate "2011.11.24"]
[SourceVersion "1"]
[SourceVersionDate "2011.11.24"]
[SourceQuality "1"]
[WhiteTeam "Weilheim"]
[BlackTeam "Kriegshaber"]
[WhiteTeamCountry "GER"]
[BlackTeamCountry "GER"]

1. c4 e6 2. Nf3 Nf6 3. g3 b6 4. Bg2 Bb7 5. 0-0 Be7 6. b3 0-0 7. Bb2 d5 8. d3 Nbd7 9. Nc3 a5 10. e3 Nc5 11. d4 Nce4 12. Nxe4 Nxe4 13. Nd2 Nd6 14. Re1 dxc4 15. Bxb7 Nxb7 16. bxc4 c5 17. Nf3 cxd4 18. exd4 Rc8 19. Qe2 Bf6 20. Rac1 Nd6 21. Red1 Qc7 22. Ba3 Rfd8 23. c5 Nf5 24. cxb6 Qxb6 25. Rxc8 Rxc8 26. d5 exd5 27. Rxd5 Nd4 28. Nxd4 Bxd4 29. Rd6 Qb1+ 30. Kg2 Qb7+ 31. Qf3 Qxf3+ 32. Kxf3 Bf6 33. Ra6 Bc3 34. Bc5 h6 35. Be3 Rc4 36. Ra8+ Kh7 37. Ra7 Kg6 38. h4 Ra4 39. Rc7 Bb2 40. Rc6+ Kh7 41. Rc7 f6 42. Rc2 Rxa2 43. Kg2 a4 44. Bc5 Kg6 45. Kh3 Kf5 46. Re2 h5 47. f3 a3 48. Bxa3 Rxa3 49. Rxb2 Rxf3 50. Kg2 Re3 51. Rb5+ Re5 52. Rb7 g5 53. hxg5 fxg5 54. Kf3 g4+ 55. Kf2 Ra5 56. Rb2 Ke4 57. Rd2 Rf5+ 58. Kg2 Ke3 59. Ra2 Rd5 60. Ra3+ Rd3 61. Ra5 Rd2+ 62. Kg1 Kf3 63. Ra3+ Ke4 64. Ra5 Rd5 65. Ra3 Rd3 0-1

[Event "Landesliga Sued 1011"]
[Site "Bayern"]
[Date "2010.10.10"]
[Round "1.6"]
[White "Fehmer, Dirk"]
[Black "Enigl, Karl"]
[Result "1/2-1/2"]
[WhiteElo "1961"]
[BlackElo "2022"]
[PlyCount "62"]
[EventDate "2010.10.10"]
[EventType "team-tourn"]
[EventRounds "9"]
[EventCountry "GER"]
[SourceTitle "EXT 2012"]
[Source "ChessBase"]
[SourceDate "2011.11.24"]
[SourceVersion "1"]
[SourceVersionDate "2011.11.24"]
[SourceQuality "1"]
[WhiteTeam "Haunstetten"]
[BlackTeam "Weilheim"]
[WhiteTeamCountry "GER"]
[BlackTeamCountry "GER"]

1. d4 d6 2. Nf3 Bg4 3. e4 Nf6 4. Bd3 e6 5. h3 Bh5 6. 0-0 Be7 7. c4 c6 8. Nc3 0-0 9. Bf4 d5 10. e5 Nfd7 11. g4 Bg6 12. c5 Na6 13. a3 Bxd3 14. Qxd3 f6 15. Qe3 f5 16. g5 b6 17. b4 b5 18. Kh2 g6 19. Nd2 Qc8 20. Nb3 Bd8 21. Ne2 Nc7 22. Qg3 Ne8 23. Bd2 Ng7 24. f4 Qa6 25. Qc3 Kf7 26. Kg2 Bc7 27. Ng3 Rh8 28. h4 h6 29. Rh1 hxg5 30. hxg5 Qa4 31. Qb2 Qa6 1/2-1/2

[Event "Regionalliga SW 0910"]
[Site "Bayern"]
[Date "2010.02.07"]
[Round "6.6"]
[White "Stiegel, Georg"]
[Black "Enigl, Karl"]
[Result "0-1"]
[WhiteElo "1889"]
[BlackElo "2071"]
[PlyCount "64"]
[EventDate "2009.10.18"]
[EventType "team-tourn"]
[EventRounds "9"]
[EventCountry "GER"]
[SourceTitle "EXT 2011"]
[Source "ChessBase"]
[SourceDate "2010.11.26"]
[SourceVersion "1"]
[SourceVersionDate "2010.11.26"]
[SourceQuality "1"]
[WhiteTeam "Goeggingen"]
[BlackTeam "Bayern Muenchen III"]
[WhiteTeamCountry "GER"]
[BlackTeamCountry "GER"]

1. d4 d6 2. c4 g6 3. Nc3 Bg7 4. e4 a6 5. Bg5 c6 6. a4 a5 7. Qd2 Na6 8. Nf3 Bg4 9. Be2 Qb6 10. Be3 Nb4 11. h3 Bxf3 12. Bxf3 Bxd4 13. Nd1 Bxe3 14. Nxe3 Nf6 15. 0-0 Qc5 16. Qc3 0-0 17. Rad1 Rad8 18. Rd2 Ra8 19. Rfd1 Na6 20. Ng4 Nxg4 21. Bxg4 Qb4 22. Qc2 Nc5 23. f4 Qxa4 24. e5 Qxc2 25. Rxc2 dxe5 26. fxe5 Rfd8 27. Rcd2 Rxd2 28. Rxd2 Kf8 29. Bf3 Ke8 30. Kf2 Rd8 31. Ke3 Rxd2 32. Kxd2 Nd7 0-1

[Event "Landesliga Sued 0809"]
[Site "Bayern"]
[Date "2009.03.29"]
[Round "9.5"]
[White "Lederle, Vitus"]
[Black "Enigl, Karl"]
[Result "1-0"]
[WhiteElo "2066"]
[BlackElo "2089"]
[PlyCount "85"]
[EventDate "2008.10.05"]
[EventType "team-tourn"]
[EventRounds "9"]
[EventCountry "GER"]
[SourceTitle "EXT 2020"]
[Source "ChessBase"]
[SourceDate "2019.10.17"]
[SourceVersion "1"]
[SourceVersionDate "2019.10.17"]
[SourceQuality "1"]
[WhiteTeam "Dillingen"]
[BlackTeam "Bayern Muenchen III"]
[WhiteTeamCountry "GER"]
[BlackTeamCountry "GER"]

1. e4 c6 2. Nc3 d5 3. Nf3 Bg4 4. h3 Bh5 5. exd5 cxd5 6. Bb5+ Nc6 7. g4 Bg6 8. Ne5 Rc8 9. h4 f6 10. Nxg6 hxg6 11. d4 e6 12. Qe2 Kf7 13. Bxc6 Rxc6 14. Bd2 Bb4 15. 0-0-0 Ne7 16. a3 Bxc3 17. Bxc3 Nc8 18. Rde1 Qd7 19. h5 gxh5 20. gxh5 Nd6 21. Qg4 Nf5 22. Qg6+ Kf8 23. Bb4+ Kg8 24. Reg1 Qf7 25. Qg4 Rc4 26. Rd1 b6 27. b3 Rc6 28. Kb1 a5 29. Bd2 Kf8 30. a4 Qc7 31. Bf4 Qf7 32. Bd2 Qc7 33. Rc1 Qe7 34. Rcg1 Qc7 35. h6 g5 36. f4 Rxc2 37. Rc1 Rxc1+ 38. Rxc1 Qd7 39. fxg5 fxg5 40. Qxg5 Rh7 41. Qf6+ Rf7 42. Qh8+ Ke7 43. Bg5+ 1-0

[Event "Landesliga Sued 0809"]
[Site "Bayern"]
[Date "2008.12.14"]
[Round "4.5"]
[White "Enigl, Karl"]
[Black "Steiner, Marcus"]
[Result "1/2-1/2"]
[WhiteElo "2089"]
[BlackElo "1990"]
[PlyCount "102"]
[EventDate "2008.10.05"]
[EventType "team-tourn"]
[EventRounds "9"]
[EventCountry "GER"]
[SourceTitle "EXT 2020"]
[Source "ChessBase"]
[SourceDate "2019.10.17"]
[SourceVersion "1"]
[SourceVersionDate "2019.10.17"]
[SourceQuality "1"]
[WhiteTeam "Bayern Muenchen III"]
[BlackTeam "Tegernsee II"]
[WhiteTeamCountry "GER"]
[BlackTeamCountry "GER"]

1. d4 d5 2. Bf4 Nf6 3. e3 c6 4. Bd3 g6 5. Nf3 Bg7 6. 0-0 Nh5 7. Bg5 0-0 8. Nbd2 c5 9. c3 Qc7 10. Bh4 Nc6 11. Be2 b6 12. Ne1 Nf6 13. Bg3 Qd7 14. Nd3 Ne4 15. Re1 Nxg3 16. hxg3 c4 17. Nf4 Na5 18. Bf3 Bb7 19. e4 dxe4 20. Bxe4 e6 21. Bxb7 Qxb7 22. Qe2 Rac8 23. Nf3 Nc6 24. Qe4 Na5 25. Qe3 Rfe8 26. Rad1 Red8 27. g4 b5 28. g5 Qb6 29. Ne5 Rd6 30. Ng4 Qd8 31. Nh3 Nc6 32. f4 Ne7 33. Nhf2 Nd5 34. Qg3 b4 35. Ne4 Rb6 36. Qh4 h5 37. Ngf6+ Bxf6 38. Nxf6+ Kg7 39. Nxd5 Qxd5 40. Re5 Qd7 41. Rde1 bxc3 42. bxc3 Rb2 43. d5 Qb7 44. Qh3 exd5 45. f5 gxf5 46. Rxf5 Qb6+ 47. Kh1 Rf2 48. Rxf7+ Rxf7 49. Qxc8 Qf2 50. Re8 Qh4+ 51. Kg1 Qf2+ 1/2-1/2

[Event "Oberliga Bayern 0405"]
[Site "Bayern"]
[Date "2005.02.13"]
[Round "7.5"]
[White "Stehno, Pavel"]
[Black "Enigl, Karl"]
[Result "1/2-1/2"]
[WhiteElo "2316"]
[BlackElo "2077"]
[PlyCount "109"]
[EventDate "2004.10.24"]
[EventType "team-tourn"]
[EventRounds "9"]
[EventCountry "GER"]
[SourceTitle "EXT 2020"]
[Source "ChessBase"]
[SourceDate "2019.10.17"]
[SourceVersion "1"]
[SourceVersionDate "2019.10.17"]
[SourceQuality "1"]
[WhiteTeam "Bamberg SC"]
[BlackTeam "Muenchen 36"]
[WhiteTeamCountry "GER"]
[BlackTeamCountry "GER"]

1. e4 Nf6 2. e5 Nd5 3. d4 d6 4. Nf3 Bg4 5. Be2 e6 6. 0-0 Be7 7. c4 Nb6 8. exd6 cxd6 9. Nc3 0-0 10. Be3 d5 11. b3 Nc6 12. c5 Bxf3 13. Bxf3 Nc8 14. b4 Bf6 15. b5 Na5 16. Be2 b6 17. Na4 Ne7 18. g4 g6 19. Rc1 Bg7 20. Bf4 Nc4 21. Bxc4 dxc4 22. Bd6 Qd7 23. Nb2 bxc5 24. Bxc5 Rfd8 25. Rxc4 Nd5 26. a4 Nf4 27. Qf3 g5 28. h4 h6 29. Re1 Qd5 30. Qxd5 exd5 31. Rc3 Ne6 32. Rd3 Nxc5 33. dxc5 Bxb2 34. c6 Kf8 35. a5 Rd6 36. Re2 Bf6 37. Rc2 Rc8 38. c7 Ke7 39. Rf3 Bd4 40. Rd3 Bb6 41. axb6 axb6 42. hxg5 hxg5 43. Rb3 Kd7 44. Rf3 f6 45. Rh3 d4 46. Kf1 d3 47. Rd2 Rxc7 48. Rhxd3 Rxd3 49. Rxd3+ Ke6 50. Re3+ Kd6 51. Rf3 Ke6 52. Re3+ Kd6 53. Rf3 Ke6 54. Re3+ Kd6 55. Rf3 1/2-1/2

[Event "AUT-chT2W 0405"]
[Site "Austria"]
[Date "2004.12.04"]
[Round "4.5"]
[White "Kranz, Armin"]
[Black "Enigl, Karl"]
[Result "1/2-1/2"]
[WhiteElo "2149"]
[BlackElo "2152"]
[PlyCount "24"]
[EventDate "2004.10.16"]
[EventType "team-tourn"]
[EventRounds "11"]
[EventCountry "AUT"]
[SourceTitle "EXT 2005"]
[Source "ChessBase"]
[SourceDate "2004.11.15"]
[SourceVersion "1"]
[SourceVersionDate "2004.11.15"]
[SourceQuality "1"]
[WhiteTeam "Goetzis"]
[BlackTeam "Mozart"]
[WhiteTeamCountry "AUT"]
[BlackTeamCountry "AUT"]

1. d4 Nf6 2. Nf3 e6 3. c4 b6 4. g3 Ba6 5. b3 b5 6. cxb5 Bxb5 7. Bg2 d5 8. 0-0 Nbd7 9. Nc3 Ba6 10. Re1 Bb4 11. Bd2 0-0 12. Na4 Bd6 1/2-1/2

[Event "Oberliga Bayern 0405"]
[Site "Bayern"]
[Date "2004.11.14"]
[Round "2.8"]
[White "Zuehlke, Burkhard"]
[Black "Enigl, Karl"]
[Result "1-0"]
[WhiteElo "2009"]
[BlackElo "2077"]
[PlyCount "77"]
[EventDate "2004.10.24"]
[EventType "team-tourn"]
[EventRounds "9"]
[EventCountry "GER"]
[SourceTitle "EXT 2020"]
[Source "ChessBase"]
[SourceDate "2019.10.17"]
[SourceVersion "1"]
[SourceVersionDate "2019.10.17"]
[SourceQuality "1"]
[WhiteTeam "Zirndorf"]
[BlackTeam "Muenchen 36"]
[WhiteTeamCountry "GER"]
[BlackTeamCountry "GER"]

1. d4 Nf6 2. c4 e6 3. Nc3 Bb4 4. e3 b6 5. Nf3 Bb7 6. Be2 Ne4 7. Qc2 0-0 8. 0-0 Bxc3 9. bxc3 f5 10. Ne1 d6 11. f3 Nf6 12. Nd3 Nbd7 13. Nf2 Qe7 14. Bd3 a5 15. Re1 g6 16. e4 fxe4 17. Nxe4 Nxe4 18. Bxe4 Bxe4 19. Qxe4 Rae8 20. Bh6 Rf5 21. Re2 d5 22. cxd5 Rxd5 23. Rae1 Qd6 24. Bf4 Qc6 25. Qd3 b5 26. h4 Rf5 27. Bg5 a4 28. Re4 Kf7 29. g4 Rd5 30. Qe3 Qd6 31. Kg2 c5 32. h5 gxh5 33. Rh1 cxd4 34. cxd4 Rc8 35. Rf4+ Kg8 36. Rxh5 Rc2+ 37. Kh3 e5 38. Qe4 Qg6 39. Qxd5+ 1-0

[Event "Landesliga Sued 0304"]
[Site "Bayern"]
[Date "2003.12.14"]
[Round "4.7"]
[White "Enigl, Karl"]
[Black "Albeker, Mark"]
[Result "1/2-1/2"]
[WhiteElo "2079"]
[BlackElo "2129"]
[PlyCount "61"]
[EventDate "2003.10.12"]
[EventType "team-tourn"]
[EventRounds "9"]
[EventCountry "GER"]
[SourceTitle "EXT 2006"]
[Source "ChessBase"]
[SourceDate "2005.11.24"]
[SourceVersion "1"]
[SourceVersionDate "2005.11.24"]
[SourceQuality "1"]
[WhiteTeam "Muenchen 36"]
[BlackTeam "Haunstetten"]
[WhiteTeamCountry "GER"]
[BlackTeamCountry "GER"]

1. c4 e5 2. Nc3 Nc6 3. Nf3 Nf6 4. e4 d6 5. h3 g6 6. d4 exd4 7. Nxd4 Bg7 8. Nxc6 bxc6 9. Bg5 h6 10. Be3 0-0 11. Qd2 Kh7 12. Rd1 Qe7 13. Bd3 Bb7 14. 0-0 c5 15. Qc2 Nd7 16. Nd5 Bxd5 17. exd5 Ne5 18. Rfe1 Qf6 19. Bf1 Nd7 20. Bc1 Nb6 21. Rd3 Rae8 22. Rxe8 Rxe8 23. Rf3 Qe7 24. Re3 Qd8 25. Rxe8 Qxe8 26. Qe2 Qxe2 27. Bxe2 Na4 28. Bd1 Bxb2 29. Bxa4 Bxc1 30. Kf1 Kg7 31. Ke2 1/2-1/2

[Event "Schwarzach op-A 18th"]
[Site "Salzburg"]
[Date "2003.08.26"]
[Round "4.10"]
[White "Enigl, Karl"]
[Black "Riedel, Wolfgang"]
[Result "1/2-1/2"]
[WhiteElo "2165"]
[BlackElo "2341"]
[PlyCount "22"]
[EventDate "2003.08.23"]
[EventType "swiss"]
[EventRounds "9"]
[EventCountry "AUT"]
[SourceTitle "EXT 2004"]
[Source "ChessBase"]
[SourceDate "2003.11.25"]
[SourceVersion "1"]
[SourceVersionDate "2003.11.25"]
[SourceQuality "1"]

1. c4 c6 2. Nf3 Nf6 3. g3 g6 4. b3 Bg7 5. Bb2 d6 6. d4 0-0 7. Bg2 Bg4 8. 0-0 Qc8 9. Re1 Na6 10. Nc3 Nc7 11. Qc2 Re8 1/2-1/2

[Event "Schwarzach op-A 18th"]
[Site "Salzburg"]
[Date "2003.08.24"]
[Round "2.12"]
[White "Enigl, Karl"]
[Black "Zimmerman, Yuri"]
[Result "0-1"]
[WhiteElo "2165"]
[BlackElo "2320"]
[PlyCount "70"]
[EventDate "2003.08.23"]
[EventType "swiss"]
[EventRounds "9"]
[EventCountry "AUT"]
[SourceTitle "EXT 2004"]
[Source "ChessBase"]
[SourceDate "2003.11.25"]
[SourceVersion "1"]
[SourceVersionDate "2003.11.25"]
[SourceQuality "1"]

1. c4 g6 2. Nc3 Bg7 3. d4 d6 4. Nf3 Nd7 5. h3 c6 6. Qc2 e5 7. Bg5 f6 8. Bc1 Nh6 9. e4 Nf7 10. Be3 0-0 11. dxe5 dxe5 12. 0-0-0 Qe7 13. Nd2 Nd8 14. Be2 Ne6 15. Nb3 a5 16. Kb1 a4 17. Nc1 a3 18. b3 f5 19. f3 Nd4 20. Qd2 Nc5 21. Bd3 Be6 22. Rhe1 Qf7 23. Rf1 Rfd8 24. Bxd4 Rxd4 25. N3e2 Rd7 26. Nc3 Rad8 27. Qe3 Qf8 28. Bc2 Bh6 29. Qe2 Bd2 30. Rxd2 Rxd2 31. Qe1 Rxg2 32. f4 Rdd2 33. N1e2 Qe8 34. Rg1 Rxg1 35. Qxg1 Nxe4 0-1

[Event "AUT-chT2W 0203"]
[Site "Austria"]
[Date "2003.02.01"]
[Round "8"]
[White "Enigl, Karl"]
[Black "Gattenloehner, Sebastian"]
[Result "1/2-1/2"]
[WhiteElo "2187"]
[BlackElo "2216"]
[PlyCount "51"]
[EventDate "2002.10.??"]
[EventType "team"]
[EventRounds "11"]
[EventCountry "AUT"]
[SourceTitle "EXT 2004"]
[Source "ChessBase"]
[SourceDate "2003.11.25"]
[SourceVersion "1"]
[SourceVersionDate "2003.11.25"]
[SourceQuality "1"]

1. Nf3 d5 2. g3 Nf6 3. Bg2 Bg4 4. c4 c6 5. cxd5 cxd5 6. Qb3 Bxf3 7. Bxf3 Qd7 8. Nc3 e6 9. d4 Nc6 10. e3 Be7 11. 0-0 0-0 12. Rd1 Rfd8 13. Bd2 Rac8 14. Be2 Na5 15. Qb5 Nc4 16. Qxd7 Rxd7 17. Bxc4 Rxc4 18. f3 a6 19. Kf1 b5 20. Rdc1 Rdc7 21. Ke1 Nd7 22. Kd1 Nb6 23. b3 R4c6 24. Ne2 b4 25. Rxc6 Rxc6 26. Rc1 1/2-1/2

[Event "AUT-chT2W 0203"]
[Site "Austria"]
[Date "2002.11.29"]
[Round "4"]
[White "Gaertner, Guntram"]
[Black "Enigl, Karl"]
[Result "1-0"]
[WhiteElo "2354"]
[BlackElo "2187"]
[PlyCount "135"]
[EventDate "2002.10.??"]
[EventType "team"]
[EventRounds "11"]
[EventCountry "AUT"]
[SourceTitle "EXT 2004"]
[Source "ChessBase"]
[SourceDate "2003.11.25"]
[SourceVersion "1"]
[SourceVersionDate "2003.11.25"]
[SourceQuality "1"]

1. b3 d5 2. Bb2 Bg4 3. h3 Bf5 4. Nf3 e6 5. e3 Nd7 6. Be2 Ngf6 7. c4 c6 8. 0-0 h6 9. cxd5 exd5 10. Ne5 Nxe5 11. Bxe5 Nd7 12. Bg3 Be7 13. d4 0-0 14. Bd3 Bxd3 15. Qxd3 Re8 16. Nd2 Nf6 17. Bh4 a5 18. a3 Ne4 19. Bxe7 Qxe7 20. Nxe4 Qxe4 21. Qxe4 Rxe4 22. b4 Kf8 23. b5 Rc8 24. Rfc1 Ke7 25. bxc6 bxc6 26. Rc5 Kd6 27. Rb1 Re7 28. Rxa5 f5 29. g3 g5 30. Rc5 f4 31. Rc3 Ra7 32. Kg2 fxg3 33. Kxg3 h5 34. Rb6 Ra4 35. Kf3 Rf8+ 36. Ke2 Rc4 37. Rxc4 dxc4 38. Rb4 Kd5 39. Ra4 c3 40. f3 c2 41. e4+ Kd6 42. Rc4 Ra8 43. Rxc2 Rxa3 44. Rc5 Ra2+ 45. Kd3 Ra3+ 46. Rc3 Ra5 47. Ke3 Ra1 48. e5+ Kd7 49. Ke4 Ra4 50. Rc5 Ra1 51. e6+ Kxe6 52. Rxg5 Re1+ 53. Kd3 Rd1+ 54. Ke3 h4 55. Re5+ Kf6 56. Rh5 Re1+ 57. Kd2 Rf1 58. Ke2 Rc1 59. Rxh4 c5 60. Rh6+ Ke7 61. Rc6 Rh1 62. Rxc5 Rxh3 63. Ke3 Kd6 64. Rc1 Rh8 65. Ra1 Re8+ 66. Kd3 Rf8 67. Ra6+ Kd5 68. Ra5+ 1-0

[Event "Bayern-chI Bank Hofmann 6th"]
[Site "Bad Wiessee"]
[Date "2002.10.31"]
[Round "6"]
[White "Enigl, Karl"]
[Black "Roeschlein, Stefan"]
[Result "1/2-1/2"]
[WhiteElo "2176"]
[BlackElo "1980"]
[PlyCount "48"]
[EventDate "2002.10.26"]
[EventType "swiss"]
[EventRounds "9"]
[EventCountry "GER"]
[SourceTitle "EXT 2003"]
[Source "ChessBase"]
[SourceDate "2002.11.25"]
[SourceVersion "1"]
[SourceVersionDate "2002.11.25"]
[SourceQuality "1"]

1. c4 g6 2. Nc3 Nf6 3. Nf3 Bg7 4. d4 d5 5. cxd5 Nxd5 6. Bg5 0-0 7. e3 Nb6 8. Rc1 c6 9. h3 N8d7 10. Be2 Qe8 11. 0-0 e5 12. Qb3 exd4 13. Nxd4 Kh8 14. a4 Nf6 15. a5 Nbd7 16. Bf4 a6 17. Bd6 Rg8 18. Bc4 Ne5 19. Bxe5 Qxe5 20. Bxf7 Rf8 21. Nf3 Qxa5 22. Rcd1 Qc7 23. Be6 Bxe6 24. Qxe6 Rac8 1/2-1/2